|
|
|
|
| LEADER |
00000nam a2200000 a 4500 |
| 001 |
UCI3036 |
| 003 |
CL-VaPUC |
| 008 |
071012e20070000AG |||||||||||||||||spa|d |
| 020 |
|
|
|a 9789505075119
|
| 082 |
0 |
4 |
|a 371.42
|b MUL
|2 21
|
| 100 |
|
|
|a Müller, Marina
|e autora
|9 580206
|
| 245 |
1 |
0 |
|a Docentes tutores. Orientación educativa y tutoría
|
| 250 |
|
|
|a 6a. ed
|
| 300 |
|
|
|a 287 p
|
| 942 |
|
|
|c BK
|
| 945 |
|
|
|d 20071012 00:00:00
|a rbrito
|
| 260 |
|
|
|a Buenos Aires
|b Bonum
|c 2007
|
| 650 |
|
7 |
|a ORIENTACION PEDAGOGICA
|2 CL-VaPUC
|9 334838
|
| 650 |
|
7 |
|a PERSONAL DE ORIENTACION PEDAGOGICA
|2 CL-VaPUC
|9 335458
|
| 650 |
|
0 |
|a Psicología educacional
|9 307830
|
| 650 |
|
0 |
|a Transición a la vida activa
|9 356358
|
| 650 |
|
0 |
|a Orientación profesional
|9 308504
|
| 650 |
|
7 |
|a EDUCACION Y EMPLEO
|2 CL-VaPUC
|9 338744
|
| 650 |
|
7 |
|a ELECCION DE UNA OCUPACION
|2 CL-VaPUC
|9 338745
|
| 583 |
|
|
|a last modification
|c 20071012 00:00:00
|k Rodrigo Vera
|
| 999 |
|
|
|c 327431
|d 327429
|
| 952 |
|
|
|0 0
|1 0
|4 0
|6 371_420000000000000_MUL_2007
|7 0
|8 A
|9 410256
|a BIBEDU
|b BIBEDU
|d 2019-11-22
|i 4378636
|o 371.42 MUL 2007
|p 4378636
|r 2019-11-22
|w 2019-11-22
|y BK
|k EPE
|
| 952 |
|
|
|0 0
|1 0
|4 0
|6 371_420000000000000_MUL_2007
|7 0
|8 A
|9 410257
|a BIBEDU
|b BIBEDU
|d 2019-11-22
|i 439125K
|o 371.42 MUL 2007
|p 439125K
|r 2019-11-22
|w 2019-11-22
|y BK
|k EBA
|
| 952 |
|
|
|0 0
|1 0
|4 0
|6 371_420000000000000_MUL_2007
|7 0
|8 A
|9 410258
|a BIBEDU
|b BIBEDU
|d 2019-11-22
|i 4575415
|o 371.42 MUL 2007
|p 4575415
|r 2019-11-22
|w 2019-11-22
|y BK
|k EPE
|